000 00745nam a2200217 i 4500
001 854577
005 20250208133552.0
008 790223s1978 enka 001 0 eng
020 _a0715376764 :
_c£5.95
050 0 0 _aKD979.5
_b.S67
082 0 0 _a346/.42/0438
100 1 _aSteele, Robert T.
245 1 0 _aDo-it-yourself conveyancing :
_ba practical guide to handling the legal side of buying and selling a house /
_cRobert T. Steele.
260 _aNewton Abbot [Eng.] ;
_aNorth Pomfret, Vt. :
_bDavid & Charles,
_cc1978.
300 _a176 p. :
_bill. ;
_c23 cm.
500 _aIncludes index.
650 0 _aConveyancing
_zGreat Britain.
650 0 _aVendors and purchasers
_zGreat Britain.
700 _aRobert T Steele
942 _2lcc
_cBK
_n0
999 _c3676
_d3676